000 00430nam a2200157 i 4500
001 70820
003 ES-MaACL
005 20230906170931.0
007 t|
008 040803s1971 sp ||||1| spa d
100 1 _aGarrido Orta, Manuel.
_955720
245 1 3 _aEl mundo ... Dios ... Nosotros /
_cManuel Garrido Orta.
260 _aSevilla :
_b[s.n.],
_c1971.
300 _a286 p. ;
_c17 cm.
852 _aES-MaACL
_jC-40854
_bR.78904
999 _c70820
_d70820